| 000 | 01193nam a2200229Ia 4500 | ||
|---|---|---|---|
| 003 | GCL | ||
| 005 | 20240530102903.0 | ||
| 008 | 140319s9999 xx 000 0 ara d | ||
| 040 |
_aGCL / _cGCL |
||
| 082 | 0 | 4 |
_a953.001/ _bع م |
| 245 | 0 | 0 |
_aمصادر تاريخ الجزيرة العربية / _b _cاشراف عبدالرحمن الطيب الانصارى ؛ وقف على تصحيحة عبدالقادر محمود عبدالله، سامى الصقار، رتشارد مورتيل |
| 260 |
_aالرياض : _bمطابع جامعة الرياض ، _c.1979 |
||
| 490 | 0 |
_aدراسات تاريخ الجزيرة العربية _v0 |
|
| 500 | _aالابحاث المقدمة للندوة العالمية الاولى لدراسات تاريخ الجزيرة العربية فى 5 الى 10 جماد الاول 1379 هـ الموافق 23 - 28 ابريل 1977م | ||
| 650 | 0 | 4 | _aتاريخ |
| 650 | 0 | 4 | _aشبه الجزيرة العربية |
| 700 | 0 |
_4عبدالرحمن الطيب الانصارى _eمشرف |
|
| 700 | 0 |
_aسامى الصقار _eمصحح |
|
| 700 | 0 |
_aعبدالقادر محمود _eمصحح |
|
| 700 | 1 |
_aمورتيل، رتشارد _eمصحح |
|
| 942 |
_2ddc _cBK |
||
| 999 |
_c35149 _d35149 |
||